[Event "Avoine op 29th"]
[Site "Avoine"]
[Date "2014.07.20"]
[Round "2"]
[White "Beaugeard, Meddy"]
[Black "Fruteau, Sabine"]
[Result "0-1"]
[WhiteElo "1875"]
[BlackElo "2065"]
[PlyCount "66"]
[EventDate "2014.07.19"]
[EventType "swiss"]
[EventRounds "9"]
[EventCountry "FRA"]
[SourceTitle "CBM 161 Extra"]
[Source "ChessBase"]
[SourceDate "2014.08.29"]
[SourceVersion "1"]
[SourceVersionDate "2014.08.29"]
[SourceQuality "1"]

1. e4 d5 2. exd5 Qxd5 3. Nc3 Qd6 4. Bc4 Nf6 5. Nge2 a6 6. d4 Qc6 7. Qd3 Qxg2 8. Rg1 Qxh2 9. Bf4 Qh3 10. 0-0-0 Qxd3 11. Rxd3 Bf5 12. Rdd1 Nbd7 13. f3 e6 14. Ng3 Bg6 15. Nce4 0-0-0 16. d5 Nb6 17. Nxf6 Nxc4 18. Ng4 Bc5 19. Rge1 h5 20. Ne5 Nxe5 21. Bxe5 f6 22. Bd4 Bd6 23. Ne4 Bf4+ 24. Kb1 exd5 25. Nc5 Bf5 26. Re7 Rhg8 27. a4 Bd6 28. Re2 Rde8 29. Rde1 Rxe2 30. Rxe2 h4 31. b4 h3 32. b5 axb5 33. axb5 h2 0-1

[Event "Avoine op 26th"]
[Site "Avoine"]
[Date "2011.07.28"]
[Round "6"]
[White "Beaugeard, Meddy"]
[Black "Laurent, Michel"]
[Result "0-1"]
[WhiteElo "1886"]
[BlackElo "2009"]
[PlyCount "116"]
[EventDate "2011.07.23"]
[EventType "swiss"]
[EventRounds "9"]
[EventCountry "FRA"]
[SourceTitle "EXT 2012"]
[Source "ChessBase"]
[SourceDate "2011.11.24"]
[SourceVersion "1"]
[SourceVersionDate "2011.11.24"]
[SourceQuality "1"]

1. Nf3 c5 2. c4 Nf6 3. g3 g6 4. Bg2 Bg7 5. Nc3 0-0 6. d3 d6 7. Bd2 a6 8. Qc1 Nc6 9. Bh6 e5 10. Bxg7 Kxg7 11. h4 h6 12. Nd2 Nd4 13. f3 Rb8 14. e3 Ne6 15. Nde4 Nxe4 16. dxe4 b5 17. cxb5 axb5 18. 0-0 b4 19. Nd5 Bb7 20. Rd1 Nc7 21. Nxc7 Qxc7 22. a3 Bc8 23. Qd2 Rd8 24. Bf1 Be6 25. Rdc1 Rdc8 26. Bc4 Bxc4 27. Rxc4 bxa3 28. bxa3 Rb3 29. a4 Rcb8 30. a5 Rb2 31. Rc2 Rb1+ 32. Rxb1 Rxb1+ 33. Kg2 Qc6 34. Rb2 Rxb2 35. Qxb2 c4 36. Qb6 Qa4 37. Qxd6 Qxa5 38. f4 exf4 39. exf4 Qa2+ 40. Kf3 Qb3+ 41. Ke2 Qxg3 42. Qd4+ Kh7 43. e5 Qxh4 44. Qxc4 Qg4+ 45. Kf2 Qf5 46. Kg3 g5 47. Qd4 Qxf4+ 48. Qxf4 gxf4+ 49. Kxf4 Kg6 50. Kg4 h5+ 51. Kf4 h4 52. e6 fxe6 53. Kg4 Kf6 54. Kxh4 Kf5 55. Kg3 Ke4 56. Kf2 Kd3 57. Ke1 e5 58. Kd1 e4 0-1

[Event "Rohde op 09th"]
[Site "Sautron"]
[Date "2009.10.26"]
[Round "3"]
[White "Beaugeard, Meddy"]
[Black "Carlsson, Pontus"]
[Result "0-1"]
[WhiteElo "1943"]
[BlackElo "2480"]
[PlyCount "46"]
[EventDate "2009.10.24"]
[EventType "swiss"]
[EventRounds "9"]
[EventCountry "FRA"]
[SourceTitle "EXT 2010"]
[Source "ChessBase"]
[SourceDate "2010.11.25"]
[SourceVersion "1"]
[SourceVersionDate "2010.11.25"]
[SourceQuality "1"]

1. Nf3 Nf6 2. g3 d5 3. Bg2 c6 4. d3 Bg4 5. Nbd2 Nbd7 6. b3 e5 7. Bb2 Bd6 8. e4 0-0 9. 0-0 Re8 10. c4 dxe4 11. dxe4 a5 12. a4 Nc5 13. Qc2 Bc7 14. Ba3 Qd3 15. Qxd3 Nxd3 16. h3 Bh5 17. g4 Bg6 18. Nh4 Rad8 19. Nxg6 hxg6 20. Rfd1 Bb6 21. c5 Bxc5 22. Bxc5 Nxc5 23. f3 Rxd2 0-1

[Event "Avoine op 24th"]
[Site "Avoine"]
[Date "2009.07.23"]
[Round "6"]
[White "Beaugeard, Meddy"]
[Black "Gros, Patrick"]
[Result "0-1"]
[WhiteElo "1925"]
[BlackElo "2049"]
[PlyCount "42"]
[EventDate "2009.07.18"]
[EventType "swiss"]
[EventRounds "9"]
[EventCountry "FRA"]
[SourceTitle "CBM 131 Extra"]
[Source "ChessBase"]
[SourceDate "2009.09.03"]
[SourceVersion "2"]
[SourceVersionDate "2009.09.16"]
[SourceQuality "1"]

1. Nf3 d6 2. g3 e5 3. d3 f5 4. Bg2 Nf6 5. c4 Be7 6. Nc3 Nc6 7. a3 0-0 8. 0-0 a5 9. Nb5 Bd7 10. Bd2 Be8 11. Ng5 Bd7 12. Qb3 a4 13. Qa2 Qc8 14. c5+ Kh8 15. cxd6 cxd6 16. Rfc1 d5 17. Bxd5 Nxd5 18. Qxd5 Bxg5 19. Nd6 Be6 20. Qc4 Bxc4 21. Nxc8 Bxd2 0-1

[Event "Rohde op 08th"]
[Site "Sautron"]
[Date "2008.11.01"]
[Round "9"]
[White "Noblet, Renald"]
[Black "Beaugeard, Meddy"]
[Result "0-1"]
[WhiteElo "2037"]
[BlackElo "1893"]
[PlyCount "146"]
[EventDate "2008.10.25"]
[EventType "swiss"]
[EventRounds "9"]
[EventCountry "FRA"]
[SourceTitle "EXT 2009"]
[Source "ChessBase"]
[SourceDate "2008.11.26"]
[SourceVersion "1"]
[SourceVersionDate "2008.11.26"]
[SourceQuality "1"]

1. e4 c5 2. Nf3 d6 3. d4 cxd4 4. Nxd4 Nf6 5. Nc3 a6 6. Be2 e6 7. 0-0 Be7 8. Qd3 0-0 9. Qg3 Re8 10. Bh6 Bf8 11. Rad1 Kh8 12. Be3 Nbd7 13. Nb3 Qc7 14. f4 b5 15. a3 Bb7 16. Bf3 Rac8 17. Rfe1 e5 18. f5 Nb6 19. Bc1 Rcd8 20. Kh1 d5 21. exd5 Nbxd5 22. Nxd5 Bxd5 23. Bxd5 Rxd5 24. Rxd5 Nxd5 25. c3 Bd6 26. Qd3 Nf6 27. Rd1 Be7 28. Be3 Rd8 29. Qe2 Rxd1+ 30. Qxd1 Qc4 31. Nc1 Nd5 32. Bg1 g6 33. fxg6 hxg6 34. Qf3 Nf4 35. Be3 Nh5 36. Ne2 Kg7 37. g3 Nf6 38. Kg2 Nd5 39. Ba7 f5 40. Qf2 Kf7 41. Ng1 Bg5 42. Nf3 Bf6 43. Qe1 e4 44. Ng1 Bg5 45. h4 Bh6 46. Nh3 Qd3 47. Ng5+ Bxg5 48. hxg5 Qf3+ 49. Kg1 e3 50. a4 f4 51. Bb8 Ke6 52. axb5 axb5 53. gxf4 Nxf4 54. Bxf4 Qxf4 55. b3 Qxg5+ 56. Kh2 Qf4+ 57. Kg2 g5 58. c4 bxc4 59. bxc4 g4 60. Qe2 Qd4 61. Kg3 Kd6 62. Qa2 Qe4 63. Qa6+ Kc5 64. Qb5+ Kd4 65. Qb2+ Kxc4 66. Qa2+ Kc5 67. Qa5+ Kd6 68. Qb6+ Kd7 69. Qb5+ Ke7 70. Qc5+ Ke6 71. Qb6+ Kf5 72. Qc7 Qf3+ 73. Kh2 Qf4+ 0-1

[Event "Rohde op 08th"]
[Site "Sautron"]
[Date "2008.10.25"]
[Round "1"]
[White "Fretel, Didier"]
[Black "Beaugeard, Meddy"]
[Result "1-0"]
[WhiteElo "1746"]
[BlackElo "1893"]
[PlyCount "83"]
[EventDate "2008.10.25"]
[EventType "swiss"]
[EventRounds "9"]
[EventCountry "FRA"]
[SourceTitle "EXT 2009"]
[Source "ChessBase"]
[SourceDate "2008.11.26"]
[SourceVersion "1"]
[SourceVersionDate "2008.11.26"]
[SourceQuality "1"]

1. d4 Nf6 2. Nf3 e6 3. c4 b6 4. g3 Bb7 5. Bg2 Be7 6. 0-0 0-0 7. Nc3 Ne4 8. Qc2 Nxc3 9. Qxc3 f5 10. b4 Bf6 11. Ba3 Re8 12. Rac1 a5 13. b5 d6 14. Rfd1 Nd7 15. Qc2 Be4 16. Qd2 Qe7 17. Qe3 e5 18. Qb3 Qf7 19. dxe5 Nxe5 20. Nxe5 Bxe5 21. Bxe4 fxe4 22. Bb2 h5 23. Rd5 Bxb2 24. Qxb2 Re6 25. Qd4 Rae8 26. Qe3 Re5 27. Rcd1 Qf5 28. Kg2 g5 29. Rxe5 Rxe5 30. Qb3 Kg7 31. Qc3 Kg6 32. Qe3 Qg4 33. Rd4 h4 34. h3 Qf5 35. g4 Qe6 36. Kg1 Qe7 37. Qd2 Kf7 38. Rd5 e3 39. fxe3 Rxe3 40. Rf5+ Ke8 41. Qd5 Re5 42. Qg8+ 1-0

[Event "Rennes op 1st"]
[Site "Rennes"]
[Date "2008.07.28"]
[Round "1"]
[White "Beaugeard, Meddy"]
[Black "Gesing, Oliver"]
[Result "0-1"]
[WhiteElo "1897"]
[BlackElo "2191"]
[PlyCount "64"]
[EventDate "2008.07.28"]
[EventType "swiss"]
[EventRounds "9"]
[EventCountry "FRA"]
[SourceTitle "EXT 2009"]
[Source "ChessBase"]
[SourceDate "2008.11.26"]
[SourceVersion "1"]
[SourceVersionDate "2008.11.26"]
[SourceQuality "1"]

1. Nf3 d5 2. g3 Nf6 3. Bg2 g6 4. d4 Bg7 5. 0-0 0-0 6. b3 c5 7. c3 Nc6 8. Bb2 Bg4 9. Na3 Rc8 10. Nh4 Be6 11. dxc5 Ne4 12. Nb5 Nxc5 13. Nd4 Nxd4 14. cxd4 Ne4 15. Qd3 Qa5 16. a4 Qd2 17. Bxe4 Qxb2 18. Bf3 Rc3 19. Rab1 Rxd3 20. Rxb2 Rxd4 21. Rc2 Rb4 22. Rd1 Rd8 23. e4 d4 24. Rc7 Rxb3 25. Kg2 Bf6 26. e5 Bxe5 27. Rxb7 g5 28. Rxb3 Bxb3 29. Re1 gxh4 30. Rxe5 d3 31. Rxe7 d2 32. Rxa7 Bd5 0-1

[Event "Angers op 3rd"]
[Site "Angers"]
[Date "2008.04.27"]
[Round "5"]
[White "Beaugeard, Meddy"]
[Black "Caillot, Arnaud"]
[Result "1/2-1/2"]
[WhiteElo "1907"]
[BlackElo "1755"]
[PlyCount "80"]
[EventDate "2008.04.25"]
[EventType "swiss"]
[EventRounds "6"]
[EventCountry "FRA"]
[SourceTitle "CBM 123 Extra"]
[Source "ChessBase"]
[SourceDate "2008.05.06"]
[SourceVersion "1"]
[SourceVersionDate "2008.05.06"]
[SourceQuality "1"]

1. Nf3 d5 2. c4 c6 3. e3 Nf6 4. Nc3 Bg4 5. d4 e6 6. h3 Bh5 7. c5 Be7 8. g4 Bg6 9. Ne5 Nbd7 10. Nxg6 hxg6 11. Bg2 b6 12. cxb6 axb6 13. e4 dxe4 14. Nxe4 Nd5 15. a3 Qc7 16. Qf3 Qa7 17. 0-0 b5 18. Be3 Qb6 19. Rfc1 0-0 20. Nc5 Nxc5 21. dxc5 Qa7 22. Bd4 Rfd8 23. Qe4 Qa4 24. b4 Qa7 25. Rd1 Qd7 26. Rd3 Nxb4 27. Rd2 Nd5 28. Be3 Ra4 29. Qb1 Qa7 30. Bxd5 Rxd5 31. Rxd5 exd5 32. Qd3 Bxc5 33. Bxc5 Qxc5 34. Qg3 b4 35. Re1 Ra8 36. axb4 Qxb4 37. Rc1 Rc8 38. Qe5 Qe4 39. Qd6 c5 40. Rxc5 Qe1+ 1/2-1/2

[Event "Angers op 3rd"]
[Site "Angers"]
[Date "2008.04.25"]
[Round "2"]
[White "Levy, Claude"]
[Black "Beaugeard, Meddy"]
[Result "1/2-1/2"]
[WhiteElo "1743"]
[BlackElo "1907"]
[PlyCount "79"]
[EventDate "2008.04.25"]
[EventType "swiss"]
[EventRounds "6"]
[EventCountry "FRA"]
[SourceTitle "CBM 123 Extra"]
[Source "ChessBase"]
[SourceDate "2008.05.06"]
[SourceVersion "1"]
[SourceVersionDate "2008.05.06"]
[SourceQuality "1"]

1. e4 c5 2. Nf3 d6 3. d4 cxd4 4. Nxd4 Nf6 5. Nc3 a6 6. Bg5 e6 7. Qd2 Be7 8. f3 b5 9. Bd3 Bb7 10. 0-0-0 Nbd7 11. h4 Rb8 12. Kb1 h6 13. Be3 Nc5 14. g4 Nxd3 15. Qxd3 Nd7 16. Qd2 Ne5 17. g5 Nc4 18. Qd3 Nxe3 19. Qxe3 Qc7 20. g6 Bf6 21. gxf7+ Kxf7 22. Rd2 Rhd8 23. h5 b4 24. Nce2 d5 25. Rg1 dxe4 26. fxe4 Qe5 27. Rgd1 Kg8 28. Qb3 Re8 29. Nf5 Bxe4 30. Nd6 Bd5 31. Rxd5 exd5 32. Nxe8 Rxe8 33. Rxd5 Qe6 34. Nc1 Kh8 35. Ra5 Qe1 36. Qf7 Bg5 37. Rxg5 hxg5 38. h6 gxh6 39. Qf6+ Kg8 40. Qg6+ 1/2-1/2

[Event "Rohde op 07th"]
[Site "Sautron"]
[Date "2007.11.02"]
[Round "8"]
[White "Beaugeard, Meddy"]
[Black "Le Loarer, Herve"]
[Result "0-1"]
[WhiteElo "1887"]
[BlackElo "1750"]
[PlyCount "60"]
[EventDate "2007.10.27"]
[EventType "swiss"]
[EventRounds "9"]
[EventCountry "FRA"]
[SourceTitle "EXT 2008"]
[Source "ChessBase"]
[SourceDate "2007.11.25"]
[SourceVersion "1"]
[SourceVersionDate "2007.11.25"]
[SourceQuality "1"]

1. e4 c5 2. Nf3 d6 3. d4 cxd4 4. Nxd4 Nf6 5. Nc3 a6 6. Bg5 e6 7. Qd2 Be7 8. f4 Qc7 9. Nf3 b5 10. Bd3 Nc6 11. a3 Bb7 12. 0-0 0-0 13. Rfe1 Rad8 14. Qf2 b4 15. e5 dxe5 16. Bxf6 Bxf6 17. Ne4 Be7 18. Neg5 g6 19. Qh4 h5 20. g4 Qb6+ 21. Kf1 Kg7 22. Nxe6+ fxe6 23. Qg3 exf4 24. Qh3 Bc8 25. gxh5 e5 26. Qg2 Rd6 27. Bxg6 Kh8 28. Ng5 Rdf6 29. Ne4 f3 30. Qg5 Bh3+ 0-1

[Event "Angers op 2nd"]
[Site "Angers"]
[Date "2007.04.13"]
[Round "2.16"]
[White "Beaugeard, Meddy"]
[Black "Bonnard, Yann"]
[Result "1-0"]
[WhiteElo "1910"]
[BlackElo "1710"]
[PlyCount "75"]
[EventDate "2007.04.13"]
[EventType "swiss"]
[EventRounds "6"]
[EventCountry "FRA"]
[SourceTitle "CBM 117 Extra"]
[Source "ChessBase"]
[SourceDate "2007.05.09"]
[SourceVersion "1"]
[SourceVersionDate "2007.05.09"]
[SourceQuality "1"]

1. e4 e6 2. Nf3 d5 3. exd5 exd5 4. d4 Bd6 5. Bd3 Ne7 6. 0-0 Bg4 7. Re1 Nbc6 8. c3 Qd7 9. b4 f6 10. a4 0-0 11. Nbd2 Bf5 12. Nf1 Bxd3 13. Qxd3 Ng6 14. Ng3 Rfe8 15. Be3 Nd8 16. b5 b6 17. Rec1 Bf4 18. Bxf4 Nxf4 19. Qc2 Nf7 20. c4 c5 21. dxc5 bxc5 22. cxd5 Rac8 23. Qc4 Ng6 24. Re1 Nfe5 25. Nxe5 Nxe5 26. Qa2 c4 27. Rad1 Nd3 28. Rxe8+ Qxe8 29. Nf5 Qd7 30. Nd4 Qd6 31. Qc2 Ne5 32. Nf5 Qd7 33. d6 Kf7 34. Rd4 Rc5 35. Qe2 Qxf5 36. f4 Ng6 37. d7 Ne7 38. d8Q 1-0

[Event "Hennebont Grand Prix"]
[Site "Hennebont"]
[Date "2006.08.22"]
[Round "4"]
[White "Le Lostec, Michael"]
[Black "Beaugeard, Meddy"]
[Result "0-1"]
[WhiteElo "1560"]
[BlackElo "1940"]
[PlyCount "86"]
[EventDate "2006.08.05"]
[EventType "swiss"]
[EventRounds "7"]
[EventCountry "FRA"]
[SourceTitle "EXT 2007"]
[Source "ChessBase"]
[SourceDate "2006.11.23"]
[SourceVersion "1"]
[SourceVersionDate "2006.11.23"]
[SourceQuality "1"]

1. g3 d5 2. Bg2 Nf6 3. Nf3 g6 4. 0-0 h5 5. d3 Bg4 6. c4 Nc6 7. b3 Qd7 8. Bb2 Bh3 9. cxd5 Nd8 10. Ne5 Qc8 11. Nd2 Bxg2 12. Kxg2 h4 13. Rh1 h3+ 14. Kg1 Bg7 15. e4 Kf8 16. f4 Nd7 17. Ndc4 Nxe5 18. Nxe5 Bxe5 19. Bxe5 f6 20. Bb2 c6 21. Rc1 Qd7 22. dxc6 Nxc6 23. Bc3 Rd8 24. Kf2 Qxd3 25. Qxd3 Rxd3 26. Rhd1 Rxd1 27. Rxd1 Ke8 28. Ke3 Rh5 29. Rd2 Rc5 30. Kd3 a5 31. a3 e5 32. b4 axb4 33. axb4 Rb5 34. Kc4 Rb6 35. b5 Ne7 36. Ba5 Re6 37. Rd8+ Kf7 38. Rd7 exf4 39. gxf4 b6 40. Bxb6 Rxb6 41. Kc5 Rb8 42. b6 Rc8+ 43. Kd6 Rc6# 0-1

[Event "Hennebont Grand Prix"]
[Site "Hennebont"]
[Date "2006.08.06"]
[Round "5"]
[White "Beaugeard, Meddy"]
[Black "Le Goff, Thierry"]
[Result "1-0"]
[WhiteElo "1940"]
[BlackElo "1710"]
[PlyCount "75"]
[EventDate "2006.08.05"]
[EventType "swiss"]
[EventRounds "7"]
[EventCountry "FRA"]
[SourceTitle "EXT 2007"]
[Source "ChessBase"]
[SourceDate "2006.11.23"]
[SourceVersion "1"]
[SourceVersionDate "2006.11.23"]
[SourceQuality "1"]

1. e4 e6 2. b3 c5 3. Bb2 Nc6 4. Nf3 Nf6 5. Nc3 Be7 6. Be2 0-0 7. 0-0 a6 8. d4 d5 9. exd5 exd5 10. dxc5 Bxc5 11. Bd3 Bg4 12. Ne2 Ne4 13. Nd2 Re8 14. a4 Qb6 15. Nxe4 dxe4 16. Bc4 Rad8 17. Qc1 e3 18. f3 Be6 19. Bxe6 Rxe6 20. Re1 Red6 21. Kh1 Nd4 22. Nxd4 Bxd4 23. Bxd4 Qxd4 24. h3 Qd2 25. Rxe3 Qxc1+ 26. Rxc1 R6d7 27. c4 g6 28. Rc2 Kf8 29. Kg1 Rd1+ 30. Kf2 R1d2+ 31. Rxd2 Rxd2+ 32. Kg3 Rd6 33. f4 Re6 34. Rxe6 fxe6 35. Kf3 Ke7 36. Ke4 Kd6 37. b4 b6 38. h4 1-0

[Event "Hennebont Grand Prix"]
[Site "Hennebont"]
[Date "2006.08.05"]
[Round "2"]
[White "Jouchet, Fabien"]
[Black "Beaugeard, Meddy"]
[Result "0-1"]
[WhiteElo "1690"]
[BlackElo "1940"]
[PlyCount "64"]
[EventDate "2006.08.05"]
[EventType "swiss"]
[EventRounds "7"]
[EventCountry "FRA"]
[SourceTitle "EXT 2007"]
[Source "ChessBase"]
[SourceDate "2006.11.23"]
[SourceVersion "1"]
[SourceVersionDate "2006.11.23"]
[SourceQuality "1"]

1. d4 Nf6 2. c4 e6 3. Nc3 Bb4 4. Nf3 b6 5. e3 Bb7 6. Bd2 0-0 7. a3 Be7 8. b4 d6 9. Be2 c5 10. 0-0 Nbd7 11. Bc1 Ne4 12. Nxe4 Bxe4 13. Nd2 Bb7 14. Bf3 Bxf3 15. Qxf3 cxd4 16. exd4 Rc8 17. Bb2 Bg5 18. Ne4 Qe7 19. Qg3 Bf6 20. Nxd6 Rc6 21. Ne4 Rxc4 22. Nxf6+ Nxf6 23. Rac1 Rxc1 24. Rxc1 Nd5 25. Rc6 Qd7 26. Qd6 Qb7 27. b5 a6 28. bxa6 Qxa6 29. a4 Qe2 30. Qxf8+ Kxf8 31. Rc8+ Ke7 32. Ba3+ Kf6 0-1

[Event "FRA-chT4 0506"]
[Site "Bretagne"]
[Date "2006.02.05"]
[Round "5"]
[White "Beaugeard, Meddy"]
[Black "Larcher, Jeremy"]
[Result "1-0"]
[WhiteElo "1840"]
[BlackElo "1530"]
[PlyCount "81"]
[EventDate "2005.10.16"]
[EventType "team"]
[EventRounds "7"]
[EventCountry "FRA"]
[SourceTitle "EXT 2007"]
[Source "ChessBase"]
[SourceDate "2006.11.23"]
[SourceVersion "1"]
[SourceVersionDate "2006.11.23"]
[SourceQuality "1"]

1. e4 c6 2. d4 d5 3. Nc3 dxe4 4. Nxe4 Nd7 5. Qe2 e6 6. Bf4 Ngf6 7. Nd6+ Bxd6 8. Bxd6 Qa5+ 9. c3 Qd5 10. Ba3 b6 11. Nf3 c5 12. b3 0-0 13. g3 Bb7 14. Bg2 Rfd8 15. 0-0 cxd4 16. cxd4 g5 17. Rfe1 g4 18. Nh4 Qxd4 19. Bxb7 Rab8 20. Red1 Qc3 21. Rac1 Qa5 22. Be7 Re8 23. Bxf6 Nxf6 24. Rc7 b5 25. Rdc1 Qb6 26. Be4 Qd4 27. Bb1 Red8 28. Ng2 Nd5 29. R7c5 Kg7 30. Be4 Nf6 31. Bc6 h6 32. Bxb5 Ne4 33. Qxg4+ Kf8 34. R5c4 Qxf2+ 35. Kh1 Rd2 36. Qxe4 Rbd8 37. Rc8 Rd1+ 38. Rxd1 Rxc8 39. Bc4 Rc7 40. Rf1 Qxa2 41. Qxe6 1-0

[Event "FRA-chT4 0506"]
[Site "Bretagne"]
[Date "2005.11.20"]
[Round "2"]
[White "Collin, Michel"]
[Black "Beaugeard, Meddy"]
[Result "0-1"]
[WhiteElo "1710"]
[BlackElo "1890"]
[PlyCount "126"]
[EventDate "2005.10.16"]
[EventType "team"]
[EventRounds "7"]
[EventCountry "FRA"]
[SourceTitle "EXT 2007"]
[Source "ChessBase"]
[SourceDate "2006.11.23"]
[SourceVersion "1"]
[SourceVersionDate "2006.11.23"]
[SourceQuality "1"]

1. d4 Nf6 2. c4 e6 3. Nc3 Bb4 4. Qc2 b6 5. Bg5 Bb7 6. e3 h6 7. Bh4 g5 8. Bg3 a6 9. Nge2 Nc6 10. a3 Be7 11. h3 Na7 12. e4 d5 13. cxd5 exd5 14. e5 Nh5 15. Bh2 Ng7 16. f4 Qd7 17. g4 gxf4 18. Bxf4 Ne6 19. Bg2 Nxf4 20. Nxf4 Bh4+ 21. Kd2 Bg5 22. Rhf1 0-0-0 23. Qf5 Kb8 24. Kc2 Qe8 25. Rae1 Nb5 26. Nxb5 Qxb5 27. Kb1 Rhf8 28. Qc2 a5 29. Rf2 Bh4 30. Rc1 Bxf2 31. Qxf2 Qb3 32. Rc3 Qd1+ 33. Rc1 Qa4 34. Ne2 Ba6 35. Nc3 Bd3+ 36. Ka1 Qb3 37. Qf6 b5 38. Qc6 Bc4 39. Bf1 b4 40. Bxc4 Qxc4 41. Nb5 Qxc6 42. Rxc6 Rd7 43. Ra6 Kb7 44. Rxa5 Kb6 45. axb4 h5 46. Nc3 hxg4 47. hxg4 c6 48. Nd1 Rh8 49. Ne3 Rh3 50. Ra3 Ra7 51. Rxa7 Kxa7 52. Nf5 Kb6 53. Nd6 Rg3 54. Nxf7 Rxg4 55. e6 Rxd4 56. Kb1 Re4 57. Ng5 Re5 58. Nf3 Rxe6 59. Nd4 Re4 60. Nc2 Kb5 61. Kc1 Kc4 62. Kd2 Kb3 63. Kc1 Rc4 0-1